000 00458nam a22001817a 4500
999 _c6224
_d6222
005 20210826115732.0
008 200517b xxu||||| |||| 00| 0 eng d
020 _a9788123913070
041 _aeng
082 _a615.3 KUL
100 _aKULKARNI J S
_95416
245 _aBio pharmaceutics and paramagnetic
250 _a1'st
260 _aNew Delhi
_bCBS Publishers and distributors
_c2019
300 _a301. x
650 _aPharmacy
_96714
942 _cBK